| 000 | 00463nam a2200181Ia 4500 | ||
|---|---|---|---|
| 003 | GCL | ||
| 008 | 140319s9999 xx 000 0 eng d | ||
| 040 |
_aGCL / _cGCL |
||
| 082 | 0 | 4 |
_a551.6 _bS C |
| 100 | 1 | _aSELLERS, ANN HENDRSON | |
| 245 | 1 | 0 |
_aCONTEMPORARY CLIMATOLOGY / _cSELLERS, ANN HENDRSON |
| 700 | 1 | _aROBINSON, PETER J. | |
| 260 |
_a[S.N] : _bELBS ، _c1988 |
||
| 300 | _a439\P | ||
| 650 | 0 | 4 | _aMETEOROLOGY |
| 650 | 0 | 4 | _aCLIMATOLOGY |
| 942 |
_2ddc _cBK |
||
| 999 |
_c20016 _d20016 |
||